000 00302nam a2200121Ia 4500
008 191201s2008 xx 000 0 und d
100 _aTANTTYA, Bal Krishan
245 0 _aBhagvadbhav Parkashini
260 _aN. Delhi
_bIntech Printers
_c2008
300 _a143
650 _aGeneral Books
942 _2ddc
_cBK
999 _c723
_d723